| 000 | 00504cam a22001577a 4500 | ||
|---|---|---|---|
| 999 |
_c4857 _d4857 |
||
| 008 | 120829s1998 maua c 000 1 eng | ||
| 010 | _a 2012418527 | ||
| 020 | _a9780152047344 (pbk.) | ||
| 050 | 0 | 0 |
_aPZ7.N8248 _bBlb 1998b |
| 082 | 0 | 0 |
_a823.914 NOR _223 |
| 100 | 1 | _aNorton, Mary. | |
| 245 | 1 | 4 |
_aThe borrowers aloft : _bwith the short tale Poor Stainless / _cMary Norton ; illustrated by Beth and Joe Krush. |
| 260 |
_aBoston : _bSandpiper, _cc1998. |
||
| 300 |
_a224 p. : _bill. ; _c20 cm. |
||
| 942 | _2ddc | ||